| 000 | 00864cam a22002537a 4500 | ||
|---|---|---|---|
| 003 | MX-MxUPN | ||
| 005 | 20260423155807.0 | ||
| 008 | 260319s2005 mx|a|||er|||| 000 0 spa d | ||
| 040 |
_aMX-MxUPN _bspa |
||
| 041 | 0 | _aspa | |
| 050 | 4 |
_aHQ769 _bG853 2005 |
|
| 245 | 0 | 0 | _aGuía de padres |
| 260 |
_aMéxico : _bSindicato Nacional de Trabajadores de la Educación, _c2005 |
||
| 300 |
_a3 volúmenes : _bilustraciones color |
||
| 500 | _aDonación | ||
| 505 | 0 |
_gv.1. _t0 a 5 años. -- _gv.2. _t6 a 12 años. -- _gv.3 _t13 a 15 años. |
|
| 650 | 4 |
_aCrianza de niños _zMéxico _954128 |
|
| 650 | 4 |
_aPaternidad _zMéxico _918276 |
|
| 650 | 4 |
_aMaternidad _zMéxico _954129 |
|
| 650 | 0 |
_aRelación padres-hijos _91359 |
|
| 700 | 1 |
_aRomero Ibarrola, Norma _954130 _ecolaboración |
|
| 902 |
_aMarisolLicea/19032026 _bVìctorGodìnez/230426 |
||
| 942 |
_2lcc _cLIBRO |
||
| 999 |
_c214820 _d214820 |
||